| 000 | 00781nam a22002417a 4500 | ||
|---|---|---|---|
| 005 | 20230704132555.0 | ||
| 008 | 001231b xxu||||| |||| 00| 0 eng d | ||
| 020 |
_a9789382563150 _c265 |
||
| 040 | _aLoreto College | ||
| 041 | _aEnglish | ||
| 082 |
_a822.33 ID _bMAC-MUI |
||
| 100 |
_aShakespeare, William _d1564-1616 |
||
| 245 |
_aMacbeth _cWilliam Shakespeare. Edited by Kenneth Muir |
||
| 250 | _aIndian ed | ||
| 260 |
_aLondon _bBloomsbury _c2013 |
||
| 300 |
_alxv,190p _b20 cm |
||
| 440 | _aThe Arden Shakespeare | ||
| 500 | _aThis editiion of Macbeth by Kenneth Muir, first published 1951 by Methuen and Co. Ltd. | ||
| 650 |
_aDrama in English _xLiterature in English _yElizabethan period,1558-1625 |
||
| 700 |
_4ed. _aMuir, Kenneth |
||
| 850 | _aLCLIB | ||
| 942 | _cBK | ||
| 999 |
_c40023 _d90502 |
||